La inteligencia emocional y relacional desde lenguajes artísticos.

I tiakina i:
Ngā taipitopito rārangi puna kōrero
Kaituhi matua: Valencia Mendoza, Gloria [et al.], (autor)
Hōputu: Pukapuka
Reo:Pāniora
Ngā marau:
Ngā Tūtohu: Tāpirihia he Tūtohu
Kāore He Tūtohu, Me noho koe te mea tuatahi ki te tūtohu i tēnei pūkete!

MARC

LEADER 00000nam^a2200000^u^4500
001 000510423
005 20250521000000.0
008 100108s1000^^^^^^^^^^^^r^^^^^000^0^spa^d
009 20260310130124.532
022 |a 9789588316123 
035 |a FCE 000054632 
037 |a Acervo ITESO - Biblioteca 
041 |a spa 
082 0 4 |a 370.153  |b VALi 
100 |a Valencia Mendoza, Gloria,  |e [et al.]  |e (autor) 
245 1 3 |a La inteligencia emocional y relacional desde lenguajes artísticos. 
264 |a Bogotá :  |b Universidad Pedagógica Nacional : Colciencias,  |c 2007. 
300 |a 110 p. 
336 |a texto  |b txt  |2 rdacontenido 
337 |a sin mediación  |b n  |2 rdamedio 
338 |a volumen  |b nc  |2 rdasoporte 
649 |a XX 
650 |a Competencias 
650 |a Inteligencia emocional 
650 |a Emociones 
650 |a Procesos cognitivos 
650 |a Lenguaje artístico 
910 |a Fondo Centro de Estudios Educativos 
920 |a Impresos - Libros 
930 |a Fondos Especiales 
905 |a 133 
901 |a ALE067941  |b IT2  |c CEE  |u 20250521 
902 |a https://opac.biblio.iteso.mx/vufind/Record/000510423